000 00538nam a2200217 a 4500
001 0001-1402
003 ELIB.Books
008 160803 2010 eng
035 _a(ELIB.Books)0001-1557
092 _a225
_bDes
100 _adeSilva, David A.
245 _aInvitation to the New Testament
260 _aNashville
_bAbingdon Press
_c2005
300 _a95
_c23 Cm
650 _aNew Testament
856 _nKBTS Library
_uKBTS: ELIB
942 _2ddc
_cBK
990 _a1
998 _cbat
_e2016-08-03
999 _c11402
_d11402